| 000 | 00676nam a2200253Ia 4500 | ||
|---|---|---|---|
| 003 | OSt | ||
| 005 | 20221007070626.0 | ||
| 006 | a|||||r|||| 00| 0 | ||
| 007 | ta | ||
| 008 | 221006b |||||||| |||| 00| 0 eng d | ||
| 024 | _a44,096 | ||
| 037 | _cTextual | ||
| 040 |
_aFLL _cFLL _beng |
||
| 041 |
_2eng _aeng |
||
| 082 | _aXM55:Z2qN56, Q5.2-B | ||
| 100 | _aRamaiya A | ||
| 245 | 0 | _aGuide to company act (appendix 2) (appendices 61-180) | |
| 250 | _a18th | ||
| 260 |
_aGurgaon _bLexisNexis India _c2015 |
||
| 300 |
_ad.p. _ccm. |
||
| 490 | _vAppendix II | ||
| 942 |
_hXM55:Z2qN56, Q5.2-B _cTEXL _2CC |
||
| 999 |
_c1141068 _d1141068 |
||